[Event "Midland Ch Forrest Cup"]
[Site "Derby"]
[Date "1990.03.24"]
[Round "3"]
[White "Gibbons, Michael J"]
[Black "Gilmore, Simon N"]
[Result "1-0"]
[WhiteElo "1728"]
[BlackElo "1944"]
[PlyCount "81"]
[EventDate "1990.03.23"]
[EventType "swiss"]
[EventRounds "6"]
[EventCountry "ENG"]
[SourceTitle "BritBase"]
[Source "John Saunders"]
[SourceDate "2022.11.28"]
[SourceVersion "1"]
[SourceVersionDate "2022.08.23"]
[SourceQuality "1"]

1. d4 Nf6 2. c4 g6 3. f3 d5 4. cxd5 Nxd5 5. e4 Nb6 6. Nc3 Bg7 7. Be3 e6 8. Nge2
O-O 9. Nc1 N6d7 10. Nb3 b6 11. Qd2 Na6 12. h4 Qe7 13. h5 c5 14. O-O-O cxd4 15.
Nxd4 Ndc5 16. hxg6 fxg6 17. Bc4 Nc7 18. Bh6 Ba6 19. Bxa6 N5xa6 20. Nc6 Qf7 21.
Bxg7 Kxg7 22. Qh6+ Kg8 23. Ne5 Qf4+ 24. Qxf4 Rxf4 25. Rd7 h5 26. Nxg6 Rf7 27.
Rxf7 Kxf7 28. Ne5+ Kg7 29. Rxh5 Rh8 30. Rxh8 Kxh8 31. Nc6 Nc5 32. Kd2 a6 33.
Ke3 Kg7 34. e5 Nd7 35. f4 Nc5 36. b4 Nd7 37. Ke4 Kf7 38. g4 Kg7 39. f5 exf5+
40. gxf5 Kf7 41. Nd5 1-0

[Event "Midland Ch Forrest Cup"]
[Site "Derby"]
[Date "1990.03.24"]
[Round "3"]
[White "Hutchinson, Paul A"]
[Black "Armstrong, William G"]
[Result "1-0"]
[WhiteElo "2200"]
[BlackElo "1888"]
[PlyCount "59"]
[EventDate "1990.03.23"]
[EventType "swiss"]
[EventRounds "6"]
[EventCountry "ENG"]
[SourceTitle "BritBase"]
[Source "John Saunders"]
[SourceDate "2022.11.28"]
[SourceVersion "1"]
[SourceVersionDate "2022.08.23"]
[SourceQuality "1"]

1. Nf3 g6 2. g3 Bg7 3. d4 Nf6 4. Bg2 O-O 5. O-O d6 6. b3 c5 7. Bb2 Nfd7 8. c4
Na6 9. Nc3 Nc7 10. Qd3 Rb8 11. e3 a6 12. a4 b6 13. Rad1 Bb7 14. Rfe1 Re8 15.
Rd2 a5 16. d5 Na6 17. e4 Nb4 18. Qb1 Bc8 19. Nd1 Bh6 20. Rde2 Nf8 21. Ne3 Bd7
22. e5 Qc8 23. Nd2 Rd8 24. exd6 exd6 25. Ne4 Bg7 26. Bxg7 Kxg7 27. Qa1+ Kh6 28.
Nxd6 Qc7 29. Nxf7+ Kh5 30. Bf3+ 1-0

[Event "Midland Ch Forrest Cup"]
[Site "Derby"]
[Date "1990.03.24"]
[Round "3"]
[White "Jackson, Oliver A"]
[Black "Rockett, G Keith"]
[Result "1-0"]
[WhiteElo "2136"]
[BlackElo "1792"]
[PlyCount "34"]
[EventDate "1990.03.23"]
[EventType "swiss"]
[EventRounds "6"]
[EventCountry "ENG"]
[SourceTitle "BritBase"]
[Source "John Saunders"]
[SourceDate "2022.11.28"]
[SourceVersion "1"]
[SourceVersionDate "2022.08.23"]
[SourceQuality "1"]

1. e4 a6 2. d4 b5 3. Bd3 e6 4. Nf3 Bb7 {(Move 4 by both White and Black are
added in manuscript in the bulletin, as are moves 8, 12 and 16, except that
Black's move 16 is missing)} 5. O-O Nf6 6. Qe2 c5 7. c3 cxd4 8. cxd4 Nc6 9. Nc3
Rc8 10. e5 Ng8 11. Bg5 Nxd4 12. Nxd4 Qxg5 13. f4 Qh4 14. Kh1 Nh6 15. Be4 Bxe4
16. Nxe4 {... now move 16 for Black is missing and the score continues 17 a3
Rc4 1-0 which makes little sense, unless, maybe,} Bb4 17. a3 Rc4 {and now
Black resigns having noticed that 18 Nf3 wins?} 1-0

[Event "Midland Ch Forrest Cup"]
[Site "Derby"]
[Date "1990.03.24"]
[Round "3"]
[White "Joseph, Stephen Mario"]
[Black "Smith, Alan A"]
[Result "0-1"]
[WhiteElo "1872"]
[BlackElo "2248"]
[PlyCount "70"]
[EventDate "1990.03.23"]
[EventType "swiss"]
[EventRounds "6"]
[EventCountry "ENG"]
[SourceTitle "BritBase"]
[Source "John Saunders"]
[SourceDate "2022.11.28"]
[SourceVersion "1"]
[SourceVersionDate "2022.08.23"]
[SourceQuality "1"]

1. c4 g6 2. Nc3 Bg7 3. g3 d6 4. Bg2 e5 5. Nf3 f5 6. d3 Nf6 7. O-O O-O 8. Qc2
Nc6 9. Rb1 h6 10. b4 g5 11. b5 Ne7 12. c5 g4 13. cxd6 cxd6 14. Nd2 d5 15. Ba3
Be6 16. Rfc1 Qd7 17. Na4 b6 18. Qc7 Kf7 19. Qxd7 Nxd7 20. Rc7 Rfc8 21. Rbc1
Rxc7 22. Rxc7 Ke8 23. Bxe7 Kxe7 24. Nc3 e4 25. dxe4 fxe4 26. Ncxe4 Be5 27. Rc2
dxe4 28. Bxe4 Rd8 29. f4 Bd4+ 30. Kg2 Nc5 31. Bc6 h5 {('Bf5' given in the
bulletin - same as Black's next move, so I've guessed ...h5 - JS)} 32. Ne4 Bf5
33. e3 Nxe4 34. exd4 Rxd4 35. Re2 Rd2 0-1

[Event "Midland Ch Forrest Cup"]
[Site "Derby"]
[Date "1990.03.24"]
[Round "3"]
[White "Lambert, Michael"]
[Black "Archer, Paul R"]
[Result "1-0"]
[WhiteElo "2000"]
[BlackElo "1776"]
[PlyCount "51"]
[EventDate "1990.03.23"]
[EventType "swiss"]
[EventRounds "6"]
[EventCountry "ENG"]
[SourceTitle "BritBase"]
[Source "John Saunders"]
[SourceDate "2022.11.28"]
[SourceVersion "1"]
[SourceVersionDate "2022.08.23"]
[SourceQuality "1"]

1. g3 Nf6 2. Bg2 g6 3. b4 Bg7 4. Bb2 c6 5. Nf3 Qb6 6. a3 a5 7. Bd4 Qc7 8. O-O
axb4 9. axb4 Rxa1 10. Bxa1 Na6 11. c3 O-O 12. d3 Nd5 13. e4 Ndxb4 14. Na3 Na2
15. Qc2 Nxc3 16. Bxc3 Bxc3 17. Qxc3 b5 18. Nc2 c5 19. Rb1 b4 20. Qb2 Bb7 21.
Ne3 d6 22. Ng4 f6 23. Ne3 c4 24. Nxc4 Bxe4 25. dxe4 Qxc4 26. Bf1 1-0

[Event "Midland Ch Forrest Cup"]
[Site "Derby"]
[Date "1990.03.24"]
[Round "3"]
[White "Lawton, Geoffrey W"]
[Black "Thomas, Robert K"]
[Result "1-0"]
[WhiteElo "2440"]
[BlackElo "2016"]
[PlyCount "57"]
[EventDate "1990.03.23"]
[EventType "swiss"]
[EventRounds "6"]
[EventCountry "ENG"]
[SourceTitle "BritBase"]
[Source "John Saunders"]
[SourceDate "2022.11.28"]
[SourceVersion "1"]
[SourceVersionDate "2022.08.23"]
[SourceQuality "1"]

1. c4 d6 2. Nc3 Nf6 3. g3 e5 4. Bg2 g6 5. e4 Bg7 6. Nge2 O-O 7. O-O Be6 8. d3
Qd7 9. f4 c6 10. b3 Na6 11. Qd2 h6 12. Bb2 Nh7 13. Rad1 Rad8 14. Qe3 Bg4 15.
Rd2 Rfe8 16. f5 Bf6 17. fxg6 fxg6 18. Qxh6 Bh5 19. h4 Re7 20. d4 Bg5 21. hxg5
Nf8 22. dxe5 Rh7 23. Rxd6 Rxh6 24. Rxd7 Rxd7 25. gxh6 Bxe2 26. Nxe2 Rd2 27.
Rxf8+ Kxf8 28. e6 Rxb2 29. e7+ 1-0

[Event "Midland Ch Forrest Cup"]
[Site "Derby"]
[Date "1990.03.24"]
[Round "3"]
[White "Madden, Paul"]
[Black "Hebden, Mark L"]
[Result "0-1"]
[WhiteElo "2152"]
[BlackElo "2472"]
[PlyCount "74"]
[EventDate "1990.03.23"]
[EventType "swiss"]
[EventRounds "6"]
[EventCountry "ENG"]
[SourceTitle "BritBase"]
[Source "John Saunders"]
[SourceDate "2022.11.28"]
[SourceVersion "1"]
[SourceVersionDate "2022.08.23"]
[SourceQuality "1"]

1. e4 e5 2. Nf3 Nc6 3. Bb5 a6 4. Ba4 Nf6 5. O-O Be7 6. d3 b5 7. Bb3 d6 8. c3
O-O 9. Nbd2 Na5 10. Bc2 c5 11. Re1 Re8 12. Nf1 h6 13. Ng3 Bf8 14. a4 Bb7 15.
axb5 axb5 16. Nf5 d5 17. Qe2 c4 18. d4 exd4 19. N3xd4 dxe4 20. Nxb5 Qb6 21.
Nbd4 Bc5 22. Rb1 Nb3 23. Qxc4 Nxd4 24. cxd4 Bb4 25. Re3 Rac8 26. Qe2 Ba6 27.
Qd1 Rxc2 28. Qxc2 Bd3 29. Qb3 Bxb1 30. Rg3 e3 31. Nxh6+ Kh7 32. Bxe3 Qe6 33.
Qxb4 gxh6 34. Rh3 Ng4 35. d5 Qf5 36. Qd2 Ba2 37. Kf1 Qb1+ 0-1

[Event "Midland Ch Forrest Cup"]
[Site "Derby"]
[Date "1990.03.24"]
[Round "3"]
[White "Naylor, John"]
[Black "Edwards, Louis Alan"]
[Result "1/2-1/2"]
[WhiteElo "1968"]
[BlackElo "2184"]
[PlyCount "41"]
[EventDate "1990.03.23"]
[EventType "swiss"]
[EventRounds "6"]
[EventCountry "ENG"]
[SourceTitle "BritBase"]
[Source "John Saunders"]
[SourceDate "2022.11.28"]
[SourceVersion "1"]
[SourceVersionDate "2022.08.23"]
[SourceQuality "1"]

1. e4 e6 2. d4 d5 3. Nd2 Nc6 4. Ngf3 Nf6 5. Bd3 Nb4 6. O-O Nxd3 7. cxd3 Be7 8.
e5 Nd7 9. Nb3 b6 10. Be3 a5 11. a4 Nb8 12. Ne1 Na6 13. Qg4 Kf8 14. Qh5 Qe8 15.
Nc1 f5 16. Qf3 Bd7 17. b3 Qf7 18. Kh1 g5 19. g3 Kg7 20. Nc2 h6 21. Bd2 1/2-1/2

[Event "Midland Ch Forrest Cup"]
[Site "Derby"]
[Date "1990.03.24"]
[Round "3"]
[White "Smith, Graham M"]
[Black "Burke, Steven J"]
[Result "0-1"]
[WhiteElo "1968"]
[BlackElo "1856"]
[PlyCount "52"]
[EventDate "1990.03.23"]
[EventType "swiss"]
[EventRounds "6"]
[EventCountry "ENG"]
[SourceTitle "BritBase"]
[Source "John Saunders"]
[SourceDate "2022.11.28"]
[SourceVersion "1"]
[SourceVersionDate "2022.08.23"]
[SourceQuality "1"]

1. e4 Nf6 2. e5 Nd5 3. d4 d6 4. c4 Nb6 5. f4 dxe5 6. fxe5 g6 7. Nc3 Bg7 8. Be3
O-O 9. Nf3 c5 10. dxc5 N6d7 11. e6 fxe6 12. Qd2 Qa5 13. a3 Nc6 14. Rc1 Nde5 15.
Nxe5 Nxe5 16. Be2 Bd7 17. Bd4 Rad8 18. Qe3 Qc7 19. Ne4 Bc6 20. Ng5 Nd3+ 21.
Bxd3 Bxd4 22. Qxe6+ Kh8 23. Rc2 Qf4 24. Nxh7 Qh4+ 25. Kd1 Qxh7 26. Bxg6 Bf6+
0-1

[Event "Midland Ch Forrest Cup"]
[Site "Derby"]
[Date "1990.03.24"]
[Round "3"]
[White "Tait, Jonathan A"]
[Black "Robinson, John K"]
[Result "0-1"]
[WhiteElo "2056"]
[BlackElo "1928"]
[PlyCount "30"]
[EventDate "1990.03.23"]
[EventType "swiss"]
[EventRounds "6"]
[EventCountry "ENG"]
[SourceTitle "BritBase"]
[Source "John Saunders"]
[SourceDate "2022.11.28"]
[SourceVersion "1"]
[SourceVersionDate "2022.08.23"]
[SourceQuality "1"]

1. e4 e5 2. f4 Bc5 3. Qh5 Nc6 4. fxe5 g6 5. Qf3 Nxe5 6. Qg3 Qe7 7. c3 Nf6 8. d4
Nxe4 9. Qxe5 Qxe5 10. dxe5 Nf2 11. Nf3 Nxh1 12. Nd4 O-O 13. Nd2 Re8 14. N2f3 d6
15. Nb5 Bb6 0-1

[Event "Midland Ch Forrest Cup"]
[Site "Derby"]
[Date "1990.03.24"]
[Round "3"]
[White "Walker, RG."]
[Black "Cooper, David M"]
[Result "1/2-1/2"]
[WhiteElo "1864"]
[BlackElo "1976"]
[PlyCount "94"]
[EventDate "1990.03.23"]
[EventType "swiss"]
[EventRounds "6"]
[EventCountry "ENG"]
[SourceTitle "BritBase"]
[Source "John Saunders"]
[SourceDate "2022.11.28"]
[SourceVersion "1"]
[SourceVersionDate "2022.08.23"]
[SourceQuality "1"]

1. e4 e6 2. d4 d5 3. Nd2 c5 4. Ngf3 cxd4 5. Nxd4 Nc6 6. Bb5 Bd7 7. c3 Nxd4 8.
Bxd7+ Qxd7 9. cxd4 dxe4 10. Nxe4 Bb4+ 11. Bd2 Be7 12. Bc3 Nf6 13. Nc5 Qc6 14.
Qa4 Qxa4 15. Nxa4 Nd5 16. O-O O-O 17. g3 Rfc8 18. Rac1 Rc6 19. Bd2 Rac8 20.
Rxc6 Rxc6 21. Rc1 Rxc1+ 22. Bxc1 Bf6 23. Be3 b6 24. Nc3 Nb4 25. Kf1 Nc6 26. Nb5
Kf8 27. Ke2 Ke7 28. a3 Kd7 29. Kd3 a6 30. Nc3 Ne7 31. Ne4 Nd5 32. Nxf6+ Nxf6
33. f3 Kc6 34. b3 b5 35. Bd2 Kd5 36. g4 Nd7 37. f4 f5 38. g5 Nb8 39. Be1 Nc6
40. Bc3 g6 41. Ke3 a5 42. Kd3 a4 43. bxa4 bxa4 44. h3 Na7 45. Bb4 Nb5 46. Bc5
Nc7 47. Bb6 Nb5 1/2-1/2

[Event "Midland Ch Forrest Cup"]
[Site "Derby"]
[Date "1990.03.24"]
[Round "4"]
[White "Armstrong, William G"]
[Black "Gibbons, Michael J"]
[Result "0-1"]
[WhiteElo "1888"]
[BlackElo "1728"]
[PlyCount "82"]
[EventDate "1990.03.23"]
[EventType "swiss"]
[EventRounds "6"]
[EventCountry "ENG"]
[SourceTitle "BritBase"]
[Source "John Saunders"]
[SourceDate "2022.11.28"]
[SourceVersion "1"]
[SourceVersionDate "2022.08.23"]
[SourceQuality "1"]

1. d4 d5 2. Nc3 e6 3. Nf3 f5 4. Bf4 c6 5. e3 Nf6 6. Be2 Bd6 7. Ne5 O-O 8. h4
Ne4 9. Nxe4 dxe4 10. Bc4 b5 11. Bb3 Qc7 12. d5 Bxe5 13. dxe6 Kh8 14. Bg5 Bd6
15. h5 h6 16. Qd4 Kh7 17. O-O-O Be7 18. Bf4 Qb6 19. Qe5 c5 20. Bd5 Bb7 21. g4
Nc6 22. Bxc6 Bxc6 23. gxf5 Rad8 24. Rxd8 Qxd8 25. Rg1 Rf6 26. Bg3 Qd5 27. Qxd5
Bxd5 28. Bh4 Rxe6 29. fxe6 Bxh4 30. Rg6 Bf6 31. e7 Bf7 32. Rg4 Bxe7 33. Rxe4
Bf6 34. a4 a6 35. axb5 axb5 36. Rf4 Bxh5 37. Rf5 Bg4 38. Rxc5 h5 39. Rxb5 h4
40. Kd2 h3 41. Ra5 Bxb2 0-1

[Event "Midland Ch Forrest Cup"]
[Site "Derby"]
[Date "1990.03.24"]
[Round "4"]
[White "Burke, Steven J"]
[Black "Birtwistle, Nigel"]
[Result "1/2-1/2"]
[WhiteElo "1856"]
[BlackElo "2136"]
[PlyCount "43"]
[EventDate "1990.03.23"]
[EventType "swiss"]
[EventRounds "6"]
[EventCountry "ENG"]
[SourceTitle "BritBase"]
[Source "John Saunders"]
[SourceDate "2022.11.28"]
[SourceVersion "1"]
[SourceVersionDate "2022.08.23"]
[SourceQuality "1"]

1. e4 e5 2. f4 d5 3. exd5 exf4 4. Nf3 Nf6 5. Bb5+ c6 6. dxc6 Nxc6 7. Bxc6+ bxc6
8. O-O Bd6 9. Qe2+ Be6 10. Ng5 O-O 11. Nxe6 fxe6 12. Nc3 Qb6+ 13. Kh1 Rae8 14.
Ne4 Bb8 15. Nxf6+ Rxf6 16. b3 Qd4 17. Rb1 Rh6 18. Bb2 Rxh2+ 19. Kxh2 f3+ 20.
Kh3 fxe2 21. Bxd4 exf1=Q 22. Rxf1 1/2-1/2

[Event "Midland Ch Forrest Cup"]
[Site "Derby"]
[Date "1990.03.24"]
[Round "4"]
[White "Calderwood, Stephen I"]
[Black "Joseph, Stephen Mario"]
[Result "0-1"]
[WhiteElo "1912"]
[BlackElo "1872"]
[PlyCount "66"]
[EventDate "1990.03.23"]
[EventType "swiss"]
[EventRounds "6"]
[EventCountry "ENG"]
[SourceTitle "BritBase"]
[Source "John Saunders"]
[SourceDate "2022.11.28"]
[SourceVersion "1"]
[SourceVersionDate "2022.08.23"]
[SourceQuality "1"]

1. d4 Nf6 2. c4 e6 3. Nc3 d5 4. Bg5 Nbd7 5. e3 c6 6. Nf3 Qa5 7. Nd2 Be7 8. Bf4
a6 9. a3 O-O 10. Be2 Re8 11. Bg3 Qd8 12. O-O Nf8 13. c5 N6d7 14. b4 f5 15. f4
g5 16. Nb3 g4 17. Bf2 h5 18. g3 h4 19. Kg2 Ng6 20. Qc2 Kf7 21. a4 Rh8 22. Rh1
Rh6 23. Rag1 Qh8 24. Be1 Nf6 25. Bd3 Qh7 26. Qf2 Bd7 27. Nd1 Rh8 28. Qe2 hxg3
29. Bxg3 Nh5 30. Qe1 Bh4 31. Nf2 Bxg3 32. hxg3 Nxg3 33. Kxg3 Rh2 0-1

[Event "Midland Ch Forrest Cup"]
[Site "Derby"]
[Date "1990.03.24"]
[Round "4"]
[White "Cristinacce, David"]
[Black "Jackson, Oliver A"]
[Result "0-1"]
[WhiteElo "1808"]
[BlackElo "2136"]
[PlyCount "30"]
[EventDate "1990.03.23"]
[EventType "swiss"]
[EventRounds "6"]
[EventCountry "ENG"]
[SourceTitle "BritBase"]
[Source "John Saunders"]
[SourceDate "2022.11.28"]
[SourceVersion "1"]
[SourceVersionDate "2022.08.23"]
[SourceQuality "1"]

1. e4 e5 2. Nf3 d5 3. Nxe5 Bd6 4. d4 dxe4 5. Bf4 Nf6 6. Nc3 O-O 7. Bc4 Qe7 8.
O-O Be6 9. Bxe6 Qxe6 10. Bg3 Nbd7 11. Nxd7 Nxd7 12. Qd2 f5 13. Ne2 Nb6 14. b3
f4 15. Nxf4 Qh6 0-1

[Event "Midland Ch Forrest Cup"]
[Site "Derby"]
[Date "1990.03.24"]
[Round "4"]
[White "Eames, Robert S"]
[Black "Lawton, Geoffrey W"]
[Result "0-1"]
[WhiteElo "2136"]
[BlackElo "2440"]
[PlyCount "68"]
[EventDate "1990.03.23"]
[EventType "swiss"]
[EventRounds "6"]
[EventCountry "ENG"]
[SourceTitle "BritBase"]
[Source "John Saunders"]
[SourceDate "2022.11.28"]
[SourceVersion "1"]
[SourceVersionDate "2022.08.23"]
[SourceQuality "1"]

1. e4 c5 2. Nf3 Nc6 3. d4 cxd4 4. Nxd4 Nf6 5. Nc3 e5 6. Ndb5 d6 7. Bg5 a6 8.
Na3 b5 9. Bxf6 gxf6 10. Nd5 f5 11. Bxb5 axb5 12. Nxb5 Ra4 13. Nbc7+ Kd7 14. O-O
Rxe4 15. Qh5 Nd4 16. Qxf7+ Kc6 17. Nb4+ Kb7 18. Nb5+ Qd7 19. Qd5+ Kb6 20. a4
Nxb5 21. axb5 Rxb4 22. Qa8 Rxb5 23. c4 Qb7 24. Qa4 Qa6 25. Qd1 Ra5 26. c5+ Kc6
27. Rb1 dxc5 28. b4 Rb5 29. Ra1 Qb7 30. bxc5 Bxc5 31. Qa4 Be6 32. Rfc1 Qb6 33.
Qh4 Kb7 34. Qf6 Rg8 0-1

[Event "Midland Ch Forrest Cup"]
[Site "Derby"]
[Date "1990.03.24"]
[Round "4"]
[White "Greenwood, Mark N"]
[Black "Smith, Graham M"]
[Result "0-1"]
[WhiteElo "1616"]
[BlackElo "1968"]
[PlyCount "99"]
[EventDate "1990.03.23"]
[EventType "swiss"]
[EventRounds "6"]
[EventCountry "ENG"]
[SourceTitle "BritBase"]
[Source "John Saunders"]
[SourceDate "2022.11.28"]
[SourceVersion "1"]
[SourceVersionDate "2022.08.23"]
[SourceQuality "1"]

1. e4 Nf6 2. e5 Nd5 3. c4 Nb6 4. d4 d6 5. f4 dxe5 6. fxe5 c5 7. Nf3 Bg4 8. d5
e6 9. Nc3 exd5 10. cxd5 c4 11. Bxc4 Nxc4 12. Qa4+ Nd7 13. Qxc4 Bxf3 14. gxf3
Nxe5 15. Qe4 Qh4+ 16. Ke2 Qxe4+ 17. fxe4 Bc5 18. Be3 Rc8 19. Bxc5 Rxc5 20. Rac1
Kd7 21. Na4 Rb5 22. b3 b6 23. Rhf1 Rb4 24. Nc3 Re8 25. h3 Re7 26. Ke3 Kd6 27.
Rb1 Rc7 28. Rfc1 f5 29. exf5 Re7 30. Ne4+ Kxd5 31. Rd1+ Kc6 32. Rd6+ Kb7 33.
Re6 Nc6 34. Rxe7+ Nxe7 $11 35. a3 $4 Nd5+ 36. Kf3 Rxe4 37. Kxe4 Nc3+ 38. Ke5
Nxb1 $19 39. Ke6 Nxa3 40. Kf7 Nb5 41. Kxg7 Nd6 42. f6 a5 43. Kxh7 b5 44. h4 a4
45. bxa4 bxa4 46. h5 a3 47. Kg8 a2 48. h6 a1=Q 49. f7 Nxf7 50. Kxf7 0-1

[Event "Midland Ch Forrest Cup"]
[Site "Derby"]
[Date "1990.03.24"]
[Round "4"]
[White "Hebden, Mark L"]
[Black "Bryce, Andrew"]
[Result "1-0"]
[WhiteElo "2472"]
[BlackElo "2176"]
[PlyCount "83"]
[EventDate "1990.03.23"]
[EventType "swiss"]
[EventRounds "6"]
[EventCountry "ENG"]
[SourceTitle "BritBase"]
[Source "John Saunders"]
[SourceDate "2022.11.28"]
[SourceVersion "1"]
[SourceVersionDate "2022.08.23"]
[SourceQuality "1"]

1. e4 e5 2. Nf3 d6 3. d4 Nf6 4. Nc3 Nbd7 5. g3 Be7 6. Bg2 O-O 7. O-O c6 8. a4
Qc7 9. Re1 Rd8 10. h3 a5 11. b3 Nf8 12. Bb2 Ne6 13. Qd2 Nxd4 14. Nxd4 exd4 15.
Qxd4 Ne8 16. Qe3 Bf6 17. Rad1 Be6 18. Rd2 Rab8 19. f4 g6 20. g4 h6 21. f5 Bg5
22. Qd4 c5 23. Qf2 Bxd2 24. Qxd2 Kh7 25. Nb5 Qe7 26. Qc3 f6 27. fxe6 Qxe6 28.
Qxa5 b6 29. Qd2 Rd7 30. c4 Nc7 31. Nc3 Re8 32. Rf1 Rf7 33. Ne2 Kg7 34. Nf4 Qd7
35. Rd1 Ne6 36. Nd5 Qd8 37. Bc3 Ref8 38. h4 Kh7 39. Qf2 Ng7 40. Rf1 f5 41. exf5
gxf5 42. gxf5 1-0

[Event "Midland Ch Forrest Cup"]
[Site "Derby"]
[Date "1990.03.24"]
[Round "4"]
[White "Ledger, Dave J"]
[Black "Naylor, John"]
[Result "1/2-1/2"]
[WhiteElo "2064"]
[BlackElo "1968"]
[PlyCount "20"]
[EventDate "1990.03.23"]
[EventType "swiss"]
[EventRounds "6"]
[EventCountry "ENG"]
[SourceTitle "BritBase"]
[Source "John Saunders"]
[SourceDate "2022.11.28"]
[SourceVersion "1"]
[SourceVersionDate "2022.08.23"]
[SourceQuality "1"]

1. e4 c6 2. d3 d5 3. Nd2 g6 4. Ngf3 Bg7 5. g3 dxe4 6. dxe4 b6 7. Bg2 Ba6 8. c4
e5 9. O-O Ne7 10. Qc2 O-O 1/2-1/2

[Event "Midland Ch Forrest Cup"]
[Site "Derby"]
[Date "1990.03.24"]
[Round "4"]
[White "Smith, Alan A"]
[Black "Hutchinson, Paul A"]
[Result "1-0"]
[WhiteElo "2248"]
[BlackElo "2200"]
[PlyCount "95"]
[EventDate "1990.03.23"]
[EventType "swiss"]
[EventRounds "6"]
[EventCountry "ENG"]
[SourceTitle "BritBase"]
[Source "John Saunders"]
[SourceDate "2022.11.28"]
[SourceVersion "1"]
[SourceVersionDate "2022.08.23"]
[SourceQuality "1"]

1. c4 Nf6 2. Nc3 e5 3. Nf3 Nc6 4. d3 h6 5. g3 d5 6. cxd5 Nxd5 7. Bg2 Be6 8. O-O
Qd7 9. Bd2 Nxc3 10. bxc3 Be7 11. Rb1 Rb8 12. Rb5 Bf6 13. Qb1 b6 14. c4 O-O 15.
Qc1 Bg4 16. Rd5 Qe6 17. Bc3 a6 18. Re1 Rfe8 19. Nd2 Qe7 20. Ne4 Be6 21. Qb2 Qf8
22. f4 Be7 23. fxe5 Ba3 24. Qa1 Ne7 25. Nf2 Nc8 26. Rd4 g5 27. Re4 Ne7 28. Ng4
Red8 29. Nf6+ Kh8 30. Rf1 b5 31. cxb5 Rxb5 32. Ra4 Bc5+ 33. d4 Bb6 34. Kh1 Nd5
35. Nxd5 Bxd5 36. e4 Bb7 37. d5 f5 38. exf6 Qf7 39. Qe1 Kh7 40. Bd4 Re8 41. Qf2
Kg8 42. Rc4 Rf8 43. a4 Bxd4 44. Qxd4 Rb6 45. e5 Rd8 46. e6 Qh5 47. f7+ Kh7 48.
Be4+ 1-0

[Event "Midland Ch Forrest Cup"]
[Site "Derby"]
[Date "1990.03.24"]
[Round "4"]
[White "Stimpson, Paul"]
[Black "Barnes, Michael H"]
[Result "0-1"]
[WhiteElo "1752"]
[BlackElo "2096"]
[PlyCount "54"]
[EventDate "1990.03.23"]
[EventType "swiss"]
[EventRounds "6"]
[EventCountry "ENG"]
[SourceTitle "BritBase"]
[Source "John Saunders"]
[SourceDate "2022.11.28"]
[SourceVersion "1"]
[SourceVersionDate "2022.08.23"]
[SourceQuality "1"]

1. e4 c5 2. Nc3 Nc6 3. g3 g6 4. Bg2 Bg7 5. d3 d6 6. f4 e6 7. Nf3 Nge7 8. Bd2
Rb8 9. Rb1 b5 10. a3 a5 11. a4 b4 12. Nb5 O-O 13. O-O Ba6 14. c4 d5 15. exd5
exd5 16. Be3 Nd4 17. b3 Nef5 18. Bf2 Bb7 19. Re1 Qb6 20. Ne5 Rbd8 21. Qc1 dxc4
22. Nxc4 Qa6 23. Nxd4 Nxd4 24. Nd2 Bxg2 25. Kxg2 Qxd3 26. Qxc5 Qxd2 27. Rbd1
Qc3 0-1

[Event "Midland Ch Forrest Cup"]
[Site "Derby"]
[Date "1990.03.24"]
[Round "4"]
[White "Thomas, Robert K"]
[Black "Walker, RG."]
[Result "1/2-1/2"]
[WhiteElo "2016"]
[BlackElo "1864"]
[PlyCount "50"]
[EventDate "1990.03.23"]
[EventType "swiss"]
[EventRounds "6"]
[EventCountry "ENG"]
[SourceTitle "BritBase"]
[Source "John Saunders"]
[SourceDate "2022.11.28"]
[SourceVersion "1"]
[SourceVersionDate "2022.08.23"]
[SourceQuality "1"]

1. c4 Nf6 2. Nf3 e6 3. b3 g6 4. Bb2 Bg7 5. g3 b6 6. Bg2 Bb7 7. O-O O-O 8. Nc3
c5 9. d4 d6 10. Re1 a6 11. e4 Nh5 12. Qd2 Qc7 13. dxc5 dxc5 14. e5 Nc6 15. Qe3
Nb4 16. Re2 Rad8 17. Rd1 Rxd1+ 18. Nxd1 Rd8 19. Rd2 Bf8 20. g4 Ng7 21. a3 Nc6
22. Nc3 Rxd2 23. Qxd2 Qd8 24. Qf4 Qd7 25. Ne4 Ne8 1/2-1/2

[Event "Midland Ch Forrest Cup"]
[Site "Derby"]
[Date "1990.03.25"]
[Round "5"]
[White "Archer, Paul R"]
[Black "Calderwood, Stephen I"]
[Result "0-1"]
[WhiteElo "1776"]
[BlackElo "1912"]
[PlyCount "78"]
[EventDate "1990.03.23"]
[EventType "swiss"]
[EventRounds "6"]
[EventCountry "ENG"]
[SourceTitle "BritBase"]
[Source "John Saunders"]
[SourceDate "2022.11.28"]
[SourceVersion "1"]
[SourceVersionDate "2022.08.23"]
[SourceQuality "1"]

1. Nf3 Nf6 2. g3 e6 3. Bg2 d5 4. O-O Be7 5. d3 b6 6. Nbd2 Bb7 7. e4 c5 8. e5
Nfd7 9. Re1 Nc6 10. Qe2 Qc7 11. c3 O-O-O 12. b4 cxb4 13. cxb4 Bxb4 14. Bb2 Kb8
15. Rec1 Rc8 16. Nb3 Qd8 17. a3 Be7 18. d4 Rc7 19. Rc2 Qc8 20. Rac1 Ba6 21. Qd2
Bc4 22. Na1 b5 23. Qf4 Rf8 24. Qg4 g6 25. Nd2 Nb6 26. Nab3 Na4 27. Nxc4 bxc4
28. Nd2 Nb6 29. a4 Nb4 30. a5 Na4 31. Ba3 Nxc2 32. Bxe7 Rxe7 33. Rxc2 Rc7 34.
Qd1 Qa6 35. Qa1 Qxa5 36. Ra2 Qc3 37. Rxa4 Qxd2 38. Qa3 Rd8 39. Rb4+ Ka8 0-1